| 000 | 00548nam a22001817a 4500 | ||
|---|---|---|---|
| 005 | 20260115101431.0 | ||
| 008 | 230906b ||||| |||| 00| 0 eng d | ||
| 020 | _a9780745951898 | ||
| 040 | _cSSBUL | ||
| 082 | _a220.61 | ||
| 100 | 1 |
_aKnowles, Andrew, _d1946- _95641 |
|
| 245 | 1 | 4 |
_aThe Bible guide : _ban all-in-one introduction to the book of books / _cAndrew Knowles |
| 260 |
_aOxford, _bLion, _c2006 |
||
| 300 |
_a718 pages : _billustrations ; _c25 cm |
||
| 500 | _aS-KN: Ashin Khemānanda | ||
| 650 |
_aBible _930142 |
||
| 942 |
_2ddc _cBK1 |
||
| 999 |
_c28661 _d28661 |
||